Los sujetos protagonistas del proceso penal

Bibliographic Details
Main Author: Chozas Alonso, Jos ̌Manuel
Format: Book
Language:Spanish
Published: Madrid Dykinson 2015
Subjects:
Online Access:Acceso restringido

MARC

LEADER 00000nam a22000007a 4500
005 20160520144357.0
007 cr|||| ||
008 160520s2015 spa||||| |||| 00||0 spa d
020 |a 978-84-9085-462-4 
035 |a 14263 
040 |a vLex  
090 |c 6123  |d 6123 
100 1 |a Chozas Alonso, Jos ̌Manuel 
245 1 0 |a Los sujetos protagonistas del proceso penal  |h [Recurso electrn̤ico] /  |c Jos ̌Manuel Chozas Alonso  
256 |a Servicio en ln̕ea  
260 |a Madrid  |b Dykinson  |c 2015 
300 |a 1 recurso electrn̤ico  
500 |a Conforme a las recientes reformas legislativas: Ley Orgǹica 1/2015, de 30 de marzo, por la que se modifica la Ley Orgǹica 10/1995, de 23 de noviembre, del Cd̤igo Penal Ley 4/2015, de 27 de abril, del Estatuto de la vc̕tima del delito LO 5/2015, de 27 de abril, por la que se modifican la LECRIM y la LOPJ 
506 1 |a Contenido solo disponible en los productos indicados  |d vLex Global  |d vLex Global (Academic Edition, excluding Law Schools)  |d vLex Global (U.S. Academic Edition, Law Schools)  |d vLex Global (U.S. Academic Edition, excluding Law Schools)  |d vLex Global (Academic Edition, Law Schools) 
650 0 4 |2 Derecho penal  |z Madrid 
740 0 |a vLex libros (servicio en ln̕ea)  
856 4 0 |u http://vlex.com/source/sujetos-protagonistas-proceso-penal-14263  |z Acceso restringido 
942 |c BOOK 
999 0 |a Criminal Law